Atlas des parasites des cultures
保存先:
| 第一著者: | |
|---|---|
| フォーマット: | 図書 |
| 言語: | Undetermined |
| 出版事項: |
Paris
N. Boubée et Cie
1949
|
| 主題: | |
| タグ: |
タグ追加
タグなし, このレコードへの初めてのタグを付けませんか!
|
| Thư viện lưu trữ: | Trung tâm Học liệu Trường Đại học Cần Thơ |
|---|
| LEADER | 00472nam a2200169Ia 4500 | ||
|---|---|---|---|
| 001 | CTU_12998 | ||
| 008 | 210402s9999 xx 000 0 und d | ||
| 082 | |a 632.52 | ||
| 082 | |b P879/T3 | ||
| 100 | |a Raymond Poutiers | ||
| 245 | 0 | |a Atlas des parasites des cultures | |
| 245 | 0 | |c Raymond Poutiers | |
| 260 | |a Paris | ||
| 260 | |b N. Boubée et Cie | ||
| 260 | |c 1949 | ||
| 650 | |a parasites,plants, protection of | ||
| 980 | |a Trung tâm Học liệu Trường Đại học Cần Thơ | ||